|
|
|
|
| LEADER |
00000nam0a2200000 4500 |
| 001 |
358133 |
| 005 |
20231102011049.0 |
| 035 |
|
|
|a (RuTPU)RU\TPU\retro\15401
|
| 090 |
|
|
|a 358133
|
| 100 |
|
|
|a 20200813d1978 km y0rusy50 ca
|
| 101 |
0 |
|
|a rus
|
| 102 |
|
|
|a RU
|
| 105 |
|
|
|a y z 001zd
|
| 200 |
1 |
|
|a Из истории русского искусства второй половины 19-начала 20 века
|e сборник исследований и публикаций
|f Всесоюзный научно-исследовательский институт искусствознания ; под ред. Е. А. Борисово1
|
| 210 |
|
|
|a Москва
|c Искусство
|d 1978
|
| 215 |
|
|
|a 151 с.
|
| 320 |
|
|
|a Примечания: с. 150
|
| 600 |
|
1 |
|a Репин
|b И. Е.
|c русский живописец
|f 1844-1930
|g Илья Ефимович
|2 stltpush
|3 (RuTPU)RU\TPU\pers\10848
|9 2394
|
| 600 |
|
1 |
|a Врубель
|b М. А.
|c русский живописец
|f 1856-1910
|g Михаил Александрович
|2 stltpush
|3 (RuTPU)RU\TPU\pers\10469
|9 2226
|
| 600 |
|
1 |
|a Борисов-Мусатов
|b В. Э.
|c российский живописец
|f 1870-1905
|g Виктор Эльпидифорович
|2 stltpush
|3 (RuTPU)RU\TPU\pers\11979
|9 3087
|
| 600 |
|
1 |
|a Петров-Водкин
|b К. С.
|g Кузьма Сергеевич
|c российский живописец
|f 1878-1939
|2 stltpush
|3 (RuTPU)RU\TPU\pers\12325
|
| 606 |
1 |
|
|a Русское народное искусство
|x История
|2 stltpush
|3 (RuTPU)RU\TPU\subj\73444
|9 86445
|
| 610 |
1 |
|
|a изобразительное искусство
|
| 610 |
1 |
|
|a Россия
|
| 610 |
1 |
|
|a 19 век
|
| 610 |
1 |
|
|a 20 век
|
| 610 |
1 |
|
|a русская живопись
|
| 610 |
1 |
|
|a передвижники
|
| 610 |
1 |
|
|a импрессионизм
|
| 610 |
1 |
|
|a архитектура
|
| 610 |
1 |
|
|a культовая архитектура
|
| 610 |
1 |
|
|a станковое искусство
|
| 610 |
1 |
|
|a художники
|
| 675 |
|
|
|a 7.031.2
|v 4
|
| 702 |
|
1 |
|a Борисова
|b Е. А.
|4 340
|
| 712 |
0 |
2 |
|a Всесоюзный научно-исследовательский институт искусствознания
|c (1961-1991)
|c (Москва)
|2 stltpush
|3 (RuTPU)RU\TPU\col\9567
|9 24724
|
| 801 |
|
1 |
|a RU
|b 63413507
|c 20200813
|
| 801 |
|
2 |
|a RU
|b 63413507
|c 20230623
|g RCR
|
| 942 |
|
|
|c BK
|